=LDR 00000nam 2200000 4500 =001 INLIS000000000002668 =005 20200721093324 =035 ##$$a 0010-061300000002668 =008 200721################g##########0#ind## =041 ##$$a Ind =082 ##$$a 2x6 =090 ##$$a 2X0.020 2, Imr u =100 ##$$a Imron, D.Zawawi =245 1#$$a Unjuk rasa kepada Allah /$c D.Zawawi Imron =260 ##$$a Bandung :$b Remaja Rosdakarya,$c 1999 =300 ##$$a xi,260 hlm, ; $c 21 x 14 cm. =650 #4$$a Islam =850 ##$$a NBPNMAT =020 ##$$a 979-514-827-3 =084 ##$$a 2x6 IMR u =990 ##$$a 00054501 =990 ##$$a DW00011238 =990 ##$$a DW00011239 =990 ##$$a DW00011240 =990 ##$$a 141.081/Pro-99 =990 ##$$a 141.080/Pro-99 =990 ##$$a DW00011238 =990 ##$$a DW00011239 =990 ##$$a DW00011240 =990 ##$$a 141.081/Pro-99